Responses for show #1856 - Monday, October 5, 1992

Contestants

[<< previous game]

Felice Bogus, a grad student originally from Norfolk, Virginia

Jim Roberts, an opthamologist from Clearwater, Florida

Steve Saum, a writer originally from Chicago, Illinois (whose 3-day cash winnings total $35,001)

[next game >>]

Jeopardy! Round responses

GEMS & JEWELRY
MUSIC APPRECIATION
1992 WOMEN OLYMPIANS
IT'S EXTINCT
BRITISH POTPOURRI
2-LETTER WORDS
    $100 11
pearls

Steve
    $100 1
violin strings

Felice
    $100 26
Summer Sanders

Felice
    $100 15
(extinct) volcanoes

Steve
    $100 2
the Tower of London

Felice
    $100 20
Go

Steve
    $200 12
olive

Steve
    $200 7
coffee

Steve
    $200 27
Israel

Steve
    $200 16
the saber-toothed tiger

Steve
    $200 3
Lady

Felice
    $200 22
ex

Jim
    $300 13
South Africa

Felice
    $300 8
night music

Steve
    $300 28
fencing

Steve
    $300 17
dodos

Steve
    $300 4
Cleopatra's Needle

Felice
    $300 23
id

Jim
    $400 14
Mexico

Jim
    $400 9
the bell

Felice
    $400 29
[Alex reads "B. Jenner" as "Bruce Jenner".]

Jackie Joyner-Kersee

Felice
    $400 18
(Alex: [*]. The white cliffs, yes.)

Dover

Jim
    $400 5
the Romans

Felice
    $400 24
Ra

Felice
    $800 21
(Steve: What are garnets?)
(Alex: No, sorry. What are [*], [*]. Felice wishes she had that Daily Double.)

rubies

Steve
    $500 10
drones

Felice
    $500 30
Tatiana Gutsu

Felice
    $500 19
a Triceratops

Jim
    $500 6
(Alex: The patron saint of England is [*].)

Saint George

Triple Stumper
    $500 25
"If"

Felice

Scores at the first commercial break (after clue 14):

Steve Jim Felice
$800 $400 $2,300

Scores at the end of the Jeopardy! Round:

Steve Jim Felice
$1,200 $1,800 $4,200

Double Jeopardy! Round responses

WORLD HISTORY
BIOLOGY
THE SOUTH
BESTSELLERS
KISS
TELL
    $200 1
Lenin

Felice
    $200 7
calcium

Steve
    $200 2
the Cajuns

Steve
    $200 9
War and Remembrance

Steve
    $200 18
mistletoe

Felice
    $400 3
(Steve: What is France?)

Denmark

Steve
Triple Stumper
    $400 13
green

Jim
    $400 5
Kentucky

Steve
    $400 10
(Erich) Segal

Steve
    $400 19
quite continental

Felice
    $600 4
Morocco

Felice
    $600 14
the kidney

Jim
    $600 12
Tampa

Jim
    $600 11
(Steve: What is Hunt for the Red October?)
(Alex: [Looking offstage] ...Nope, we won't accept that.)
(Jim: What is Hunt for Red October?)
(Alex: [Looking offstage again] ...Thank you for being tough on the first one, will we accept this one? Felice?)
(Felice: What is [*]?)
(Alex: [*], yes. We had the two gentlemen juxtaposing the article there, and we're sorry about that. Felice got it exactly right, however. Select.)

The Hunt for Red October

SteveJimFelice
    $3,000 20
(Alex: That is a picture of the Sleeping Beauty castle at Euro Disney, and Sleeping Beauty did traditionally wait [*] to be kissed!)

100 years

Felice
    $600 28
(Felice: What is [*]?)
(Alex: ...That sounds pretty good. To kill the tyrant if you, uh--if he killed with his--killed his son and missed the apple. Select again.)
[The end-of-round signal sounds.]

to kill him if he missed with the first one

Felice
    $800 6
Japan

Jim
    $800 15
the stamen

Felice
    $3,000 16
Tuscaloosa

Felice
    $800 23
(John) Grisham

Steve
    $800 21
(Auguste) Rodin

Steve
    $800 26
Habsburg

Steve
    $1000 8
Frederick the Great

Triple Stumper
    $1000 27
dura mater

Jim
    $1000 17
(Jim: What is Georgia?)

North Carolina

JimFelice
    $1000 24
(Steve: What is World War II?)
(Jim: What is the Civil War?)
...
(Alex: Felice doesn't want to ring in... they were going in the right direction for you, Felice; [*] is the correct response.)

The American Revolution

SteveJim
Triple Stumper
    $1000 22
(Felice: What is buss?)

osculate

Felice
Triple Stumper
    $1000 25
(Jim: Who is Goethe?)
...
(Alex: [*] is right, yes. We have less than a minute to go.)

(Friedrich) Schiller

SteveJim

Scores at the end of the Double Jeopardy! Round:

Steve Jim Felice
$4,000 $1,600 $13,600
(lock game)

[wagering suggestions for these scores]

Final Jeopardy! Round responses

LANGUAGES
(Alex: No, the correct response is, "What are [*]?". Hieroglyphics is not a language.)
JimWhat are Latin and Egyptian
$1,600
SteveWhat are Hieroglyphic and Greek?
$799
FeliceWhat is Arameic+Sumerian
$3,000
Egyptian & Greek

Final scores:

Steve Jim Felice
$3,201 $0 $10,600
2nd place: a trip to St. Thomas 3rd place: Sentry Fire-Safe filing cabinet + Wheel of Fortune/Jeopardy! video games for Super NES/Sega Genesis New champion: $10,600

Game dynamics:

Coryat scores:

Steve Jim Felice
$4,800 $1,600 $9,000
19 R,
4 W
(including 1 DD)
10 R,
4 W
23 R
(including 2 DDs),
1 W

Combined Coryat: $15,400

The J! Archive is created by fans, for fans. The Jeopardy! game show and all elements thereof, including but not limited to copyright and trademark thereto, are the property of Jeopardy Productions, Inc. and are protected under law. This website is not affiliated with, sponsored by, or operated by Jeopardy Productions, Inc. Join the discussion at JBoard.tv.